| 000 | 01134nam a22002177a 4500 | ||
|---|---|---|---|
| 999 |
_c63759 _d63759 |
||
| 003 | Ge_BSU | ||
| 005 | 20260109142304.0 | ||
| 008 | 260109s1987 ge ||||| |||| 00| 0 geo d | ||
| 041 | _ageo | ||
| 080 | _a911.3:33(47+57)(075.3) ს-13 | ||
| 100 |
_aსტროევი, კ. ფ. _926632 |
||
| 245 |
_aსსრ კავშირის ეკონომიკური გეოგრაფია : _bსაშ. სკოლის მე-8 კლასის სახელმძღვ. / _cკ.ფ. სტროევი, მ.კ. კოვალევსკაია, ვ.ი. რომი. |
||
| 250 | _aმე-8 გადამუშ. გამოცემა | ||
| 264 |
_aთბ. : _bგანათლება, _c1987. |
||
| 300 |
_a299 გვ. ; _b22 სმ. |
||
| 500 | _aდანართი: რუკები. | ||
| 653 | _aსსრ კავშირის ეკონომიკური გეოგრაფია | ||
| 700 |
_aკოვალევსკაია, მ.კ., _e ავტორი _926282 |
||
| 700 |
_aრომი, ვ.ი. _eავტორი _926283 |
||
| 942 |
_2udc _cᲬᲘᲒᲜᲘ |
||